| 000 | 00458nam a2200181Ia 4500 | ||
|---|---|---|---|
| 003 | GCL | ||
| 008 | 140319s9999 xx 000 0 eng d | ||
| 040 |
_aGCL / _cGCL |
||
| 082 | 0 | 4 | _a746.44 G I |
| 100 | 1 | _aGRIFFITHS , AMMA | |
| 245 | 1 | 0 |
_aAN INTRODUCTION TO EMBRAIDERY / _cGRIFFITHS , AMMA |
| 260 |
_a[S.N] : _bTHE APPLE PRESS ، _c1989 |
||
| 300 | _a96 P | ||
| 650 | 0 | 4 | _aNEDDLE WORKS |
| 650 | 0 | 4 | _aEMBROIDERY |
| 650 | 0 | 4 | _aHANDWORKS |
| 942 |
_2ddc _cBK |
||
| 999 |
_c20909 _d20909 |
||